[Event "Avignon-A 4th"]
[Site "Avignon"]
[Date "2012.11.05"]
[Round "1"]
[White "Brailly Vignal, Bastien"]
[Black "Saez, Nicolas"]
[Result "1-0"]
[WhiteElo "2254"]
[BlackElo "1982"]
[PlyCount "87"]
[EventDate "2012.11.04"]
[EventType "tourn"]
[EventRounds "7"]
[EventCountry "FRA"]
[SourceTitle "EXT 2014"]
[Source "ChessBase"]
[SourceDate "2013.11.20"]
[SourceVersion "1"]
[SourceVersionDate "2013.11.20"]
[SourceQuality "1"]

1. d4 d5 2. c4 dxc4 3. e3 Bf5 4. Bxc4 e6 5. Nc3 Nf6 6. Qb3 Qc8 7. d5 c6 8. dxe6 Bxe6 9. Bxe6 fxe6 10. Nf3 Na6 11. 0-0 Be7 12. e4 Nc5 13. Qc2 0-0 14. Bg5 Qe8 15. b4 Na6 16. a3 Nd7 17. Bxe7 Qxe7 18. Ne2 c5 19. Rad1 Rac8 20. b5 Nc7 21. Qa4 Ra8 22. Rd3 Nb6 23. Qa5 Rfd8 24. Rxd8+ Qxd8 25. Rc1 Qe7 26. h3 Qd6 27. Ng3 Nd7 28. Qa4 Nb6 29. Qb3 c4 30. Qb2 Rd8 31. Nh5 Qe7 32. Qe5 Rd7 33. a4 Qa3 34. Ra1 Qd6 35. a5 Nc8 36. Qg5 Qe7 37. Qe5 Qd6 38. Qg5 Qe7 39. Qg3 Nxb5 40. e5 Kh8 41. Qg4 Rc7 42. Ng5 Rc6 43. Rd1 h6 44. Rd8+ 1-0

[Event "FRA-ch op-B"]
[Site "Aix les Bains"]
[Date "2007.08.17"]
[Round "4"]
[White "Saez, Nicolas"]
[Black "Gertosio, Franck"]
[Result "0-1"]
[WhiteElo "1989"]
[BlackElo "1903"]
[PlyCount "84"]
[EventDate "2007.08.13"]
[EventType "swiss"]
[EventRounds "11"]
[EventCountry "FRA"]
[SourceTitle "CBM 120 Extra"]
[Source "ChessBase"]
[SourceDate "2007.11.01"]
[SourceVersion "1"]
[SourceVersionDate "2007.11.01"]
[SourceQuality "1"]

1. e4 d6 2. d4 Nf6 3. Nc3 c6 4. Nf3 Bg4 5. Be2 e6 6. Bg5 Be7 7. 0-0 0-0 8. Qd2 Nbd7 9. Rad1 h6 10. Be3 b5 11. Qd3 b4 12. Nb1 Bh5 13. Nfd2 Bg6 14. f3 d5 15. Bf2 c5 16. c3 Nh5 17. g3 Nhf6 18. Rfe1 Qc8 19. Bf1 Rd8 20. Rc1 Qb7 21. cxb4 cxd4 22. Bxd4 Bxb4 23. a3 Be7 24. b4 dxe4 25. fxe4 Ne5 26. Qc3 Nxe4 27. Nxe4 Rxd4 28. Bg2 Rxe4 29. Bxe4 Bxe4 30. Qxe5 Qb6+ 31. Rc5 Bd5 32. Rec1 Bxc5+ 33. Rxc5 a5 34. Qc3 axb4 35. axb4 Rb8 36. Kf1 Qxb4 37. Rc8+ Kh7 38. Qc2+ f5 39. Rxb8 Qxb8 40. Nc3 Qc7 41. Qd2 Bc4+ 42. Ke1 Qc5 0-1

[Event "FRA-ch op-B"]
[Site "Aix les Bains"]
[Date "2007.08.14"]
[Round "1"]
[White "Cohen Solal, Lennie"]
[Black "Saez, Nicolas"]
[Result "0-1"]
[WhiteElo "1870"]
[BlackElo "1989"]
[PlyCount "62"]
[EventDate "2007.08.13"]
[EventType "swiss"]
[EventRounds "11"]
[EventCountry "FRA"]
[SourceTitle "CBM 120 Extra"]
[Source "ChessBase"]
[SourceDate "2007.11.01"]
[SourceVersion "1"]
[SourceVersionDate "2007.11.01"]
[SourceQuality "1"]

1. e4 e5 2. Bc4 Nc6 3. d3 Nf6 4. Nc3 d6 5. Bg5 Be7 6. Rc1 Na5 7. h4 Nxc4 8. dxc4 Be6 9. Qd3 h6 10. Bd2 c6 11. Nge2 Qd7 12. a3 d5 13. cxd5 cxd5 14. exd5 Nxd5 15. Qg3 Bf6 16. Ne4 0-0-0 17. Nc5 Qc6 18. Nxe6 Qxe6 19. 0-0 g5 20. h5 Nf4 21. Qc3+ Kb8 22. Ng3 Qd5 23. Bxf4 gxf4 24. Ne2 Rhg8 25. g3 f3 26. Nf4 exf4 27. Qxf6 fxg3 28. Qf4+ Qd6 29. Qxf3 gxf2+ 30. Kh1 Rg3 31. Qf5 Qc6+ 0-1

[Event "FRA-ch U20"]
[Site "Aix les Bains"]
[Date "2006.04.??"]
[Round "7"]
[White "Pieroni, Guillaume"]
[Black "Saez, Nicolas"]
[Result "1-0"]
[WhiteElo "2170"]
[BlackElo "1998"]
[PlyCount "55"]
[EventDate "2006.04.??"]
[EventType "swiss"]
[EventRounds "8"]
[EventCountry "FRA"]
[SourceTitle "EXT 2007"]
[Source "ChessBase"]
[SourceDate "2006.11.23"]
[SourceVersion "1"]
[SourceVersionDate "2006.11.23"]
[SourceQuality "1"]

1. e4 e5 2. d4 exd4 3. Qxd4 Nc6 4. Qe3 d6 5. Nc3 Nf6 6. Bd2 Be7 7. 0-0-0 a6 8. h3 b5 9. g4 Bb7 10. f4 Na5 11. g5 Nd7 12. Nd5 Nc6 13. Nf3 f6 14. h4 Nb6 15. b3 Na7 16. Bc3 Nxd5 17. exd5 0-0 18. Bh3 Bc8 19. Nd4 Re8 20. Be6+ Bxe6 21. Nxe6 Qd7 22. gxf6 Bxf6 23. Bxf6 gxf6 24. f5 Kh8 25. Rhg1 Re7 26. Rg4 Nc8 27. Rdg1 Nb6 28. Qh6 1-0

[Event "Provence-ch 0405"]
[Site "Provence"]
[Date "2005.09.04"]
[Round "9"]
[White "Saez, Nicolas"]
[Black "Metras, Dominique"]
[Result "0-1"]
[WhiteElo "2023"]
[BlackElo "2045"]
[PlyCount "122"]
[EventDate "2004.10.16"]
[EventType "tourn"]
[EventRounds "9"]
[EventCountry "FRA"]
[SourceTitle "EXT 2007"]
[Source "ChessBase"]
[SourceDate "2006.11.23"]
[SourceVersion "1"]
[SourceVersionDate "2006.11.23"]
[SourceQuality "1"]

1. e4 c5 2. Nc3 Nc6 3. g3 g6 4. Bg2 Bg7 5. d3 d6 6. Be3 Rb8 7. Qd2 b5 8. Nge2 Nd4 9. Nd1 Bg4 10. Bxd4 cxd4 11. h3 Bd7 12. 0-0 e6 13. c3 dxc3 14. bxc3 Ne7 15. Ne3 0-0 16. d4 Qa5 17. Qd3 f5 18. f4 Rbc8 19. Rfc1 Kh8 20. Rc2 Qb6 21. Rb1 Qa6 22. Rcb2 Rc7 23. Nc2 d5 24. Nb4 Qd6 25. e5 Qb6 26. a4 a6 27. Ra2 Ra7 28. a5 Qc7 29. Kf2 Rc8 30. Rc1 Bf8 31. g4 Nc6 32. Nxc6 Qxc6 33. Qd2 Qc7 34. gxf5 gxf5 35. Rcc2 Qd8 36. Qe3 Qh4+ 37. Kf1 Bh6 38. Rab2 Rac7 39. Qf2 Qxf2+ 40. Kxf2 Bf8 41. Ke3 b4 42. Kd2 Ba4 43. Rc1 Bb5 44. cxb4 Rxc1 45. Nxc1 Rc4 46. Na2 Rxd4+ 47. Ke3 Rd3+ 48. Kf2 Be7 49. Bf1 Bh4+ 50. Kg1 Rd1 51. Nc3 Rxf1+ 52. Kg2 Bc4 53. Na4 Ra1 54. Nc5 Be7 55. Nxe6 Ra2 56. Rxa2 Bxa2 57. Nd4 Bxb4 58. Nxf5 Bxa5 59. e6 Kg8 60. Nh6+ Kf8 61. f5 d4 0-1

[Event "Condom op 4th"]
[Site "Condom"]
[Date "2005.07.16"]
[Round "9"]
[White "Saez, Nicolas"]
[Black "Fillon, Damien"]
[Result "0-1"]
[WhiteElo "1980"]
[BlackElo "2160"]
[PlyCount "50"]
[EventDate "2005.07.09"]
[EventType "swiss"]
[EventRounds "9"]
[EventCountry "FRA"]
[SourceTitle "CBM 107 Extra"]
[Source "ChessBase"]
[SourceDate "2005.09.01"]
[SourceVersion "1"]
[SourceVersionDate "2005.09.01"]
[SourceQuality "1"]

1. e4 d5 2. exd5 Qxd5 3. Nc3 Qd6 4. Nf3 g6 5. d4 Bg7 6. Be3 Nf6 7. h3 0-0 8. Bc4 a6 9. a4 Nc6 10. Qd2 Bf5 11. 0-0 Ne4 12. Qd1 Nxc3 13. bxc3 e5 14. Qd2 exd4 15. cxd4 Be4 16. Ng5 Bf5 17. Nf3 Qb4 18. Qxb4 Nxb4 19. Rab1 a5 20. Ne1 Rad8 21. Rb2 Bxd4 22. Bxd4 Rxd4 23. Be2 Rd2 24. Bf3 b6 25. g4 Bd7 0-1

[Event "Condom op 4th"]
[Site "Condom"]
[Date "2005.07.13"]
[Round "6"]
[White "Froeyman, Helmut"]
[Black "Saez, Nicolas"]
[Result "1-0"]
[WhiteElo "2332"]
[BlackElo "1980"]
[PlyCount "43"]
[EventDate "2005.07.09"]
[EventType "swiss"]
[EventRounds "9"]
[EventCountry "FRA"]
[SourceTitle "CBM 107 Extra"]
[Source "ChessBase"]
[SourceDate "2005.09.01"]
[SourceVersion "1"]
[SourceVersionDate "2005.09.01"]
[SourceQuality "1"]

1. e4 e5 2. Nf3 Nc6 3. Bb5 a6 4. Ba4 Nf6 5. 0-0 b5 6. Bb3 Be7 7. Re1 0-0 8. a4 b4 9. d3 d6 10. h3 h6 11. Nbd2 Kh8 12. a5 Be6 13. Nc4 Nd7 14. Be3 f5 15. Ncxe5 Ndxe5 16. Bxe6 fxe4 17. Nxe5 Nxe5 18. d4 Ng6 19. Bd5 Rb8 20. Bxe4 Rf6 21. Qg4 Qe8 22. Bg5 1-0

[Event "Provence-ch 0405"]
[Site "Provence"]
[Date "2005.01.28"]
[Round "5"]
[White "Saez, Nicolas"]
[Black "Trouilleux, Kevin"]
[Result "0-1"]
[WhiteElo "2000"]
[BlackElo "2132"]
[PlyCount "100"]
[EventDate "2004.10.16"]
[EventType "tourn"]
[EventRounds "9"]
[EventCountry "FRA"]
[SourceTitle "EXT 2007"]
[Source "ChessBase"]
[SourceDate "2006.11.23"]
[SourceVersion "1"]
[SourceVersionDate "2006.11.23"]
[SourceQuality "1"]

1. e4 e5 2. Nf3 d6 3. Nc3 Nf6 4. Be2 Be7 5. 0-0 0-0 6. d4 Nbd7 7. Bg5 c6 8. Qd2 h6 9. Bxf6 Bxf6 10. Rad1 Re8 11. d5 c5 12. Ne1 Bg5 13. Qd3 Nf8 14. Qf3 Ng6 15. g3 Rf8 16. h4 Be7 17. Bd3 Bh3 18. Ng2 Qd7 19. Be2 f5 20. Qd3 f4 21. Bh5 Nh8 22. Kh2 Bg4 23. Bxg4 Qxg4 24. Ne2 f3 25. Ne3 Qh5 26. Ng1 g6 27. Qb5 Bxh4 28. gxh4 Rf4 29. Qd7 Nf7 30. Nh3 Rxh4 31. Rg1 Ng5 32. Rg3 Nxe4 33. Qe6+ Kh8 34. Rxg6 Rxh3+ 35. Qxh3 Qxg6 36. Qxf3 Rg8 37. c3 Ng5 38. Qg4 Qf6 39. Nf5 Rf8 40. Nh4 Qxf2+ 41. Kh1 Qf6 42. Qh5 Kh7 43. Qg4 e4 44. Re1 Qe5 45. c4 Rf2 46. Qd7+ Qg7 47. Qg4 Qxb2 48. Ng2 Qf6 49. Qd7+ Qg7 50. Qg4 Qf7 0-1

[Event "FRA-ch U18"]
[Site "Le Grand Bornand"]
[Date "2003.??.??"]
[Round "1.6"]
[White "Saez, Nicolas"]
[Black "Gregoire, Sylvain"]
[Result "0-1"]
[WhiteElo "1940"]
[BlackElo "2220"]
[PlyCount "48"]
[EventDate "2003.??.??"]
[EventType "swiss"]
[EventRounds "9"]
[EventCountry "FRA"]
[SourceTitle "EXT 2004"]
[Source "ChessBase"]
[SourceDate "2003.11.25"]
[SourceVersion "1"]
[SourceVersionDate "2003.11.25"]
[SourceQuality "1"]

1. e4 c5 2. Nc3 Nc6 3. g3 g6 4. Bg2 Bg7 5. d3 e6 6. Be3 d6 7. Qd2 Rb8 8. Nf3 e5 9. Nd5 Nd4 10. c3 Bh3 11. Kf1 Nxf3 12. Qc1 Qd7 13. Qd1 h6 14. Bxh3 Qxh3+ 15. Ke2 Ng5 16. Qa4+ Qd7 17. Qxa7 Rd8 18. Rac1 Ne7 19. Nb6 Qc6 20. b4 0-0 21. a4 Nc8 22. Nxc8 Rxc8 23. bxc5 dxc5 24. Rb1 c4 0-1

[Event "Hautes Alpes op 3rd"]
[Site "Laragne"]
[Date "2002.??.??"]
[Round "4.9"]
[White "Pignataro, Louis"]
[Black "Saez, Nicolas"]
[Result "1/2-1/2"]
[WhiteElo "1840"]
[BlackElo "1630"]
[PlyCount "98"]
[EventDate "2002.02.10"]
[EventType "swiss"]
[EventRounds "9"]
[EventCountry "FRA"]
[SourceTitle "CBM 086 Extra"]
[Source "ChessBase"]
[SourceDate "2002.03.14"]
[SourceVersion "1"]
[SourceVersionDate "2002.03.14"]
[SourceQuality "1"]

1. b4 d5 2. Bb2 Nf6 3. Nf3 Bf5 4. e3 e6 5. b5 Nbd7 6. a4 Bd6 7. c4 c6 8. cxd5 cxd5 9. Be2 Qe7 10. 0-0 0-0 11. d3 Nc5 12. a5 Rfc8 13. Be5 Ncd7 14. Bxd6 Qxd6 15. Nbd2 Nc5 16. Nb3 Nxb3 17. Qxb3 e5 18. Rac1 h6 19. d4 e4 20. Nd2 Rc7 21. f3 Rac8 22. Rxc7 Rxc7 23. f4 Rc8 24. Rb1 Qd8 25. b6 a6 26. Qb2 Bg4 27. Bf1 Bf5 28. Rc1 Ng4 29. Rxc8 Qxc8 30. Nb3 Nxe3 31. Bxa6 bxa6 32. Nc5 Nc4 33. Qb4 Nd6 34. b7 Nxb7 35. Qxb7 Qxb7 36. Nxb7 Kf8 37. Nc5 Bc8 38. Na4 Ke7 39. Nc3 Bb7 40. Kf2 f5 41. Ke3 Kf6 42. Kd2 g5 43. g3 h5 44. h4 g4 45. Nd1 Bc8 46. Kc3 Ke6 47. Kb4 Kd6 48. Ne3 Kc6 49. Nc2 Bd7 1/2-1/2